| 000 | 00458cas a22001695a 4500 | ||
|---|---|---|---|
| 001 | L142021 | ||
| 008 | 080122c2007 xxuqr p 0 a0eng u | ||
| 035 | _a(Sirsi) u142021 | ||
| 041 | 0 | _aeng | |
| 110 | 2 |
_aRoyal Institution of Chartered Surveyors _bAmericas _95489 |
|
| 245 | 0 | 0 | _aRICS Property World |
| 260 |
_aNew York _bRICS Americas _c2007- |
||
| 362 | 0 | _a(1) 2007- | |
| 651 | 4 | _aInternational | |
| 690 | _aPROPERTY-PROPERTY MARKET | ||
| 942 |
_n0 _2ddc |
||
| 999 |
_c119156 _d119156 |
||